000 00764cam a2200253 i 4500
001 200468052
003 TR-AnTOB
005 20260410165043.0
007 ta
008 030821s2003 ne a b 001 0 eng
020 _a9757463086
040 _aDLC
_beng
_erda
_cDLC
_dUKM
_dC#P
_dOHX
_dTR-AnTOB
041 0 _atur
050 1 4 _aQA320
_b.S87 2001
090 _aQA320
_b.S87 2001
100 1 _aŞuhubi, Erdoğan Süleyman,
_d1934-
_924480
_eauthor
245 1 0 _aFunctional analysis /
_cProf. Dr. Erdoğan S. Şuhubi.
264 1 _aİstanbul :
_bİTÜ Vakfı,
_c2001.
300 _aviii, 638 pages :
_billustrations ;
_c25 cm
490 0 _aİTÜ Vakfı Yayınları ;
_v38
650 0 _aFunctional analysis.
_978530
942 _2lcc
_cBK
999 _c200468052
_d86264